Score 0/15 Timer 03:00
0 Plays Today
% Correct
Therefore, consequently
91%
Short trip to accomplish a specific purpose
91%
Designed to minimize physical effort/discomfort, and to maximize efficiency
90.2%
To construct (v); vertical (adj)
88.5%
Silvery-white element
84.4%
Stoat or weasel with black-tipped tail
82.8%
Aimless, roving
82.8%
Knowledgeable, learned
79.5%
% Correct
Past, former
78.7%
Imitation or substitute
71.3%
Hermit or religious recluse
69.7%
To belch
65.6%
Bursting through a surface or covering
62.3%
Black fungus
54.1%
Excited or irritable
45.1%
Remove Ads.
Support Sporcle.
Get the best of Sporcle when you Go Orange. This ad-free experience offers more features, more stats, and more fun while also helping to support Sporcle. Thank you for becoming a member.

You're not logged in!

Compare scores with friends on all Sporcle quizzes.
OR
Log In

Show Comments

Extras

Top Quizzes Today


Score Distribution

Your Account Isn't Verified!

In order to create a playlist on Sporcle, you need to verify the email address you used during registration. Go to your Sporcle Settings to finish the process.

Report this User

Report this user for behavior that violates our Community Guidelines.

Details: